Biology : (Record no. 160235)

MARC details
000 -LEADER
fixed length control field 00883pam a2200265 a 4500
008 - FIXED-LENGTH DATA ELEMENTS--GENERAL INFORMATION
fixed length control field
020 ## - INTERNATIONAL STANDARD BOOK NUMBER
International Standard Book Number 0805309209
090 ## - LOCALLY ASSIGNED LC-TYPE CALL NUMBER (OCLC); LOCAL CALL NUMBER (RLIN)
Classification number (OCLC) (R) ; Classification number, CALL (RLIN) (NR) QH308.2
Local cutter number (OCLC) ; Book number/undivided call number, CALL (RLIN) CAM
003 - CONTROL NUMBER IDENTIFIER
control field
005 - DATE AND TIME OF LATEST TRANSACTION
control field 20230123134118.0
040 ## - CATALOGING SOURCE
Transcribing agency NUST
049 ## - LOCAL HOLDINGS (OCLC)
Holding library MAIN
100 1# - MAIN ENTRY--PERSONAL NAME
Personal name Campbell, Neil A.
245 10 - TITLE STATEMENT
Title Biology :
Remainder of title concepts & connections /
Statement of responsibility, etc. Neil A. Campbell, Lawrence G. Mitchell, Jane B. Reece.
260 ## - PUBLICATION, DISTRIBUTION, ETC.
Place of publication, distribution, etc. Redwood City, Calif. :
Name of publisher, distributor, etc. Benjamin/Cummings Pub. Co. ,
Date of publication, distribution, etc. c1994.
300 ## - PHYSICAL DESCRIPTION
Extent xxxiii, 846 p. :
Other physical details ill. (some col.), + maps (some col.) ;
Dimensions 29 cm.
440 ## - SERIES STATEMENT/ADDED ENTRY--TITLE
Title The Benjamin/Cummings series in the life sciences.
504 ## - BIBLIOGRAPHY, ETC. NOTE
Bibliography, etc. note Includes bibliographical references.
500 ## - GENERAL NOTE
General note Includes index.
650 #0 - SUBJECT ADDED ENTRY--TOPICAL TERM
Topical term or geographic name entry element Biology.
700 1# - ADDED ENTRY--PERSONAL NAME
Personal name Mitchell, Lawrence G.
700 1# - ADDED ENTRY--PERSONAL NAME
Personal name Reece, Jane B.
907 ## - LOCAL DATA ELEMENT G, LDG (RLIN)
a .b10176834
b 06-11-12
c 27-09-05
942 ## - ADDED ENTRY ELEMENTS (KOHA)
Koha item type Ordinary Loan Books
Call number prefix QH308.2
Call number suffix CAM
Holdings
Date last seen Total Checkouts Full call number Barcode Cost, replacement price Price effective from Koha item type Lost status Source of classification or shelving scheme Damaged status Not for loan Collection Withdrawn status Home library Current library Shelving location Date acquired Cost, normal purchase price
01/23/2023 73 QH308.2 CAM 92003025580 80.00 01/23/2023 BOOKS   LCC     NFIC   MAIN MAIN GEN 01/23/2023 80.00